Vodná turistika - splavy
Guardado en:
| Autor principal: | |
|---|---|
| Formato: | Capítulo de libro |
| Lenguaje: | eslovaco |
| Materias: | |
| Etiquetas: |
Sin Etiquetas, Sea el primero en etiquetar este registro!
|
MARC
| LEADER | 00000naa$a2200000$$$4500 | ||
|---|---|---|---|
| 001 | 0306556 | ||
| 005 | 20251028110248.8 | ||
| 041 | 0 | |a slo | |
| 044 | |a SK | ||
| 245 | 1 | 0 | |a Vodná turistika - splavy |c Ján Janík |
| 500 | |a Abstrakt | ||
| 610 | 2 | 0 | |a šport |
| 610 | 2 | 0 | |a turistika |
| 610 | 2 | 0 | |a voda |
| 100 | 1 | |a Janík, Ján, 1959- | |